000 00710nam a2200205 a 4500
003 AM-YEHGA
005 20250617164500.0
008 160208s1962 ||| r 000 0 rus d
040 _aAM-YeHGA
041 0 _arus
100 1 _aЮщенко, Валентин Тимофеевич
245 1 0 _aВечный огонь :
_bРоман /
_cВалентин Ющенко.
260 _aВоронеж :
_bВоронеж. кн. изд-во,
_c1962.
300 _a480 с.
653 0 _aРусская литература
653 0 _aПартизанское движение в Великой Отечественной войне 1941-1945 гг.
942 _2udc
_cBK
001 1821452
090 _c532105
999 _c524906
_d524906